García Lorca (Record no. 45310)

MARC details
000 -LEADER
campo de control de longitud fija 00798nam a2200229 i 4500
001 - NÚMERO DE CONTROL
campo de control 45310
003 - IDENTIFICADOR DE NÚMERO DE CONTROL
campo de control ES-MaACL
005 - FECHA Y HORA DE LA ÚLTIMA TRANSACCIÓN
campo de control 20230906161209.0
007 - CAMPO FIJO DE DESCRIPCIÓN FÍSICA--INFORMACIÓN GENERAL
campo de control de longitud fija t|
008 - DATOS DE LONGITUD FIJA--INFORMACIÓN GENERAL
campo de control de longitud fija 030325s1979 xxu b |||| | eng d
020 ## - NÚMERO INTERNACIONAL ESTÁNDAR DEL LIBRO
Número Internacional Estándar del Libro 0-8240-9800-5
100 1# - ENTRADA PRINCIPAL--NOMBRE DE PERSONA
Nombre de persona Colecchia, Francesca.
9 (RLIN) 39571
245 10 - MENCIÓN DEL TÍTULO
Título García Lorca
Resto del título : a selectively annotated bibliography of criticism /
Mención de responsabilidad, etc. Francesca Colecchia, editor.
260 ## - PUBLICACIÓN, DISTRIBUCIÓN, ETC.
Lugar de publicación, distribución, etc. New York ;
-- London :
Nombre del editor, distribuidor, etc. Garland,
Fecha de publicación, distribución, etc. 1979.
300 ## - DESCRIPCIÓN FÍSICA
Extensión XXVI, 313 p. ;
Dimensiones 23 cm.
490 1# - MENCIÓN DE SERIE
Mención de serie Garland reference library of the humanities ;
Designación de volumen o secuencia 143
500 ## - NOTA GENERAL
Nota general Índice.
600 17 - PUNTO DE ACCESO ADICIONAL DE MATERIA--NOMBRE DE PERSONA
Nombre de persona García Lorca, Federico,
Fechas asociadas al nombre 1898-1936-
Subdivisión de forma Bibliografías
Fuente del encabezamiento o término
9 (RLIN) 166602
830 0# - PUNTO DE ACCESO ADICIONAL DE SERIE-TÍTULO UNIFORME
Título uniforme Garland reference library of the humanities ;
Designación de volumen o secuencia 143
9 (RLIN) 182051
852 ## - LOCALIZACIÓN
Ubicación ES-MaACL
Número de control de estantería L-10050
Holdings
Estatus retirado Estado de pérdida Estado de daño No para préstamo Biblioteca de origen Biblioteca actual Ubicación en estantería Fecha de adquisición Fuente de adquisición Total de préstamos Signatura topográfica completa Código de barras Visto por última vez Precio de reemplazo Tipo de ítem Koha
        Biblioteca del Ateneo de Madrid Biblioteca del Ateneo de Madrid Depósito 2 17/01/2008     L-10050 1047676 23/02/2023 23/02/2023 Libro impreso